Statistiken für TOP 20 Länder - Christentum

Klicken Sie hier um das Quiz zu spielen!

Allgemein

  • Dieses Quiz wurde 168 mal gespielt
  • Das Durchschnittsergebnis liegt bei 12 aus 20

Antwortstatistiken

#Land% Korrekt
13Deutschland
96%
1USA
94%
2Brasilien
88%
4Russland
84%
16Argentinien
83%
15Italien
83%
3Mexiko
80%
20Polen
75%
18Vereinigtes Königreich
72%
11Kolumbien
61%
19Ukraine
60%
12Südafrika
54%
10Indien
51%
7Nigeria
48%
8DR Kongo
40%
5VR China
34%
9Äthiopien
28%
14Kenia
25%
6Philippinen
25%
17Uganda
13%

Verteilung der Resultate

Perzentil nach korrekt beantworteten Fragen

Anzahl Personen mit jedem Resultat

Ihre Resultats-Entwicklung

Sie haben dieses Quiz noch nicht gespielt